[Event "72nd RUS-ch Higher League 2019"]
[Site "Yaroslavl"]
[Date "2019.07.03"]
[Round "6.22"]
[White "Drygalov, Andrey"]
[Black "Bigaliev, Renat"]
[Result "1-0"]
[WhiteElo "2494"]
[BlackElo "2427"]
[Annotator "ChessBase"]
[PlyCount "83"]
[EventDate "2019.06.27"]
[EventType "swiss"]
[EventCountry "RUS"]
[SourceTitle "playchess.com"]
[Source "ChessBase"]
[SourceQuality "1"]
[TimeControl "40/5400+30:1800+30"]

1. d4 {[%emt 0:00:00]} d5 {[%emt 0:00:00]} 2. Nf3 {[%emt 0:00:00]} Nf6 {[%emt 0:00:19]} 3. c4 {[%emt 0:00:00]} c6 {[%emt 0:01:29]} 4. e3 {[%emt 0:00:00]} Bf5 {[%emt 0:02:43]} 5. Nc3 {[%emt 0:00:18]} e6 {[%emt 0:03:17]} 6. Nh4 {[%emt 0:00:03]} Be4 {[%emt 0:02:02]} 7. f3 {[%emt 0:00:04]} Bg6 {[%emt 0:00:06]} 8. Qb3 {[%emt 0:00:02]} Qc7 {[%emt 0:03:45]} 9. Bd2 {[%emt 0:00:33]} Be7 {[%emt 0:03:49]} 10. cxd5 {[%emt 0:00:42]} cxd5 {[%emt 0:07:42]} 11. Nxg6 {[%emt 0:00:05]} hxg6 {[%emt 0:00:05]} 12. O-O-O {[%emt 0:00:04]} Nc6 {[%emt 0:01:32]} 13. Kb1 {[%emt 0:00:13]} Nd7 {[%emt 0:14:09]} 14. Bd3 {[%emt 0:07:50]} Qb6 {[%emt 0:18:57]} 15. Qa4 {[%emt 0:03:30]} Qb4 {[%emt 0:01:26]} 16. Qc2 {[%emt 0:12:18]} Qd6 {[%emt 0:02:15]} 17. Qb3 {[%emt 0:05:49]} Qb4 {[%emt 0:03:10]} 18. Qxb4 {[%emt 0:02:11]} Bxb4 {[%emt 0:02:06]} 19. Rc1 {[%emt 0:01:11]} Nb6 {[%emt 0:06:23]} 20. a3 {[%emt 0:03:26]} Be7 {[%emt 0:02:38]} 21. Ne2 {[%emt 0:03:01]} Kd7 {[%emt 0:02:57]} 22. e4 {[%emt 0:04:03]} Rac8 {[%emt 0:02:02]} 23. h3 {[%emt 0:05:04]} a6 {[%emt 0:01:47]} 24. Ka2 {[%emt 0:03:49]} Na7 {[%emt 0:01:56]} 25. Rxc8 {[%emt 0:10:02]} Rxc8 {[%emt 0:01:06]} 26. b3 {[%emt 0:00:42]} Nb5 {[%emt 0:03:04]} 27. a4 {[%emt 0:05:23]} Na7 {[%emt 0:00:39]} 28. Kb2 {[%emt 0:07:48]} Nc6 {[%emt 0:00:57]} 29. e5 {[%emt 0:01:54]} Bb4 {[%emt 0:01:28]} 30. Be3 {[%emt 0:00:51]} Ne7 {[%emt 0:01:41]} 31. g4 {[%emt 0:01:02]} Rh8 {[%emt 0:00:21]} 32. h4 {[%emt 0:01:58]} Nc6 {[%emt 0:03:38]} 33. Ng3 {[%emt 0:02:05]} Be7 {[%emt 0:02:01]} 34. h5 {[%emt 0:00:38]} g5 {[%emt 0:01:20]} 35. Ne2 {[%emt 0:00:08]} f6 {[%emt 0:00:26]} 36. f4 {[%emt 0:00:46]} gxf4 {[%emt 0:00:54]} 37. Nxf4 {[%emt 0:01:19]} Bd8 {[%emt 0:01:57]} 38. Ng6 {[%emt 0:00:47]} Re8 {[%emt 0:02:00]} 39. exf6 {[%emt 0:00:11]} Bxf6 {[%emt 0:00:18]} 40. g5 {[%emt 0:00:00]} Bxd4+ {[%emt 0:00:00]} 41. Bxd4 {[%emt 0:00:22]} Nxd4 {[%emt 0:00:52]} 42. h6 {[%emt 0:00:08]} 1-0

[Event "72nd RUS-ch Higher League 2019"]
[Site "Yaroslavl"]
[Date "2019.07.03"]
[Round "6.23"]
[White "Airapetian, Gor"]
[Black "Sadovsky, Artem"]
[Result "1-0"]
[WhiteElo "2442"]
[BlackElo "2416"]
[Annotator "NA"]
[PlyCount "146"]
[EventDate "2019.06.27"]
[EventType "swiss"]
[EventCountry "RUS"]
[SourceTitle "playchess.com"]
[Source "ChessBase"]
[SourceQuality "1"]
[TimeControl "40/5400+30:1800+30"]

1. d4 {[%emt 0:00:00]} Nf6 {[%emt 0:00:01]} 2. c4 e6 {[%emt 0:00:17]} 3. Nf3 {[%emt 0:01:23]} b6 {[%emt 0:00:28]} 4. g3 {[%emt 0:00:45]} Bb4+ {[%emt 0:00:28]} 5. Bd2 {[%emt 0:00:28]} Bxd2+ {[%emt 0:01:01]} 6. Qxd2 {[%emt 0:00:42]} Bb7 {[%emt 0:00:21]} 7. Bg2 {[%emt 0:01:44]} O-O {[%emt 0:00:20]} 8. O-O {[%emt 0:06:37]} d5 {[%emt 0:00:24]} 9. Rc1 {[%emt 0:10:32]} dxc4 {[%emt 0:14:41]} 10. Rxc4 {[%emt 0:01:46]} Nbd7 {[%emt 0:02:04]} 11. Na3 {[%emt 0:05:37]} Bd5 {[%emt 0:03:44]} 12. Rc2 {[%emt 0:03:45]} c5 {[%emt 0:02:38]} 13. b4 {[%emt 0:09:58]} Ne4 {[%emt 0:07:19]} 14. Qe1 {[%emt 0:01:30]} cxd4 {[%emt 0:21:50]} 15. Nxd4 {[%emt 0:00:48]} Qf6 {[%emt 0:17:58]} 16. Rd1 {[%emt 0:01:48]} a5 {[%emt 0:02:33]} 17. f3 {[%emt 0:02:22]} Nd6 {[%emt 0:02:04]} 18. e4 {[%emt 0:06:55]} Bb7 {[%emt 0:01:00]} 19. Nc6 {[%emt 0:08:48]} e5 {[%emt 0:09:49]} 20. Qd2 {[%emt 0:04:47]} Nb5 {[%emt 0:06:59]} 21. Nxb5 {[%emt 0:23:25]} Bxc6 {[%emt 0:00:09]} 22. Nc7 {[%emt 0:02:05]} Rac8 {[%emt 0:00:14]} 23. b5 {[%emt 0:00:53]} Nc5 {[%emt 0:01:04]} 24. Nd5 {[%emt 0:04:13]} Bxd5 {[%emt 0:00:06]} 25. exd5 {[%emt 0:00:01]} Qd6 {[%emt 0:00:14]} 26. Bh3 {[%emt 0:00:09]} f5 {[%emt 0:00:10]} 27. Qe3 {[%emt 0:00:18]} Rce8 {[%emt 0:00:31]} 28. Rc4 {[%emt 0:00:19]} f4 {[%emt 0:01:56]} 29. Qe1 {[%emt 0:01:32]} Kh8 {[%emt 0:02:31]} 30. Kh1 {[%emt 0:01:11]} g5 {[%emt 0:01:10]} 31. gxf4 {[%emt 0:00:16]} gxf4 {[%emt 0:00:40]} 32. Rc2 {[%emt 0:00:48]} Rg8 {[%emt 0:00:26]} 33. Re2 {[%emt 0:00:28]} Rg5 {[%emt 0:00:15]} 34. Bg4 {[%emt 0:00:16]} Reg8 {[%emt 0:00:37]} 35. h4 {[%emt 0:00:36]} Rxg4 {[%emt 0:00:48]} 36. fxg4 {[%emt 0:00:02]} e4 {[%emt 0:00:37]} 37. Rxe4 {[%emt 0:00:57]} Nxe4 {[%emt 0:00:12]} 38. Qxe4 {[%emt 0:00:01]} Rxg4 {[%emt 0:00:19]} 39. Qd4+ {[%emt 0:00:42]} Kg8 {[%emt 0:00:05]} 40. Rg1 {[%emt 0:00:00]} h5 {[%emt 0:00:00]} 41. Qe4 {[%emt 0:02:06]} Kg7 {[%emt 0:03:46]} 42. Qf5 {[%emt 0:02:33]} Rxg1+ {[%emt 0:14:17]} 43. Kxg1 {[%emt 0:00:04]} Qc5+ {[%emt 0:00:19]} 44. Kg2 {[%emt 0:00:06]} Qxb5 {[%emt 0:02:30]} 45. Qe5+ {[%emt 0:00:41]} Kf8 {[%emt 0:01:36]} 46. Qxf4+ {[%emt 0:04:05]} Ke7 {[%emt 0:00:32]} 47. Qe5+ {[%emt 0:00:36]} Kd7 {[%emt 0:01:13]} 48. Qxh5 {[%emt 0:00:49]} Qb2+ {[%emt 0:00:18]} 49. Kg3 {[%emt 0:01:46]} Qxa2 {[%emt 0:06:24]} 50. Qf7+ {[%emt 0:00:06]} Kd6 {[%emt 0:03:37]} 51. Qe6+ {[%emt 0:01:16]} Kc5 {[%emt 0:00:05]} 52. Qc6+ {[%emt 0:00:04]} Kd4 {[%emt 0:00:03]} 53. d6 {[%emt 0:00:42]} Qg8+ {[%emt 0:00:26]} 54. Kh2 {[%emt 0:00:10]} Qe6 {[%emt 0:01:43]} 55. Qxb6+ {[%emt 0:11:58]} Kd5 {[%emt 0:00:15]} 56. h5 {[%emt 0:00:17]} Qe5+ {[%emt 0:00:54]} 57. Kg2 {[%emt 0:00:45]} Qg5+ {[%emt 0:00:43]} 58. Kf1 {[%emt 0:01:34]} Qc1+ {[%emt 0:00:56]} 59. Ke2 {[%emt 0:01:10]} Qc2+ {[%emt 0:00:32]} 60. Kf3 {[%emt 0:00:42]} Qf5+ {[%emt 0:00:24]} 61. Ke3 {[%emt 0:00:37]} Qe4+ {[%emt 0:01:17]} 62. Kd2 {[%emt 0:00:14]} Qg2+ {[%emt 0:00:36]} 63. Kc3 {[%emt 0:00:57]} Qf3+ {[%emt 0:00:13]} 64. Kb2 {[%emt 0:00:33]} Qe2+ {[%emt 0:00:43]} 65. Ka3 {[%emt 0:00:17]} Ke6 {[%emt 0:00:30]} 66. h6 {[%emt 0:00:39]} a4 {[%emt 0:00:29]} 67. h7 {[%emt 0:01:30]} Qd3+ {[%emt 0:00:35]} 68. Kxa4 {[%emt 0:00:08]} Qc4+ {[%emt 0:00:30]} 69. Ka5 {[%emt 0:03:18]} Qa2+ {[%emt 0:00:08]} 70. Kb5 {[%emt 0:00:33]} Qe2+ {[%emt 0:00:33]} 71. Kc6 {[%emt 0:01:47]} Qe4+ {[%emt 0:00:07]} 72. Kc7 {[%emt 0:00:28]} Qc2+ 73. Kb7 Qxh7+ 1-0

[Event "72nd RUS-ch Higher League 2019"]
[Site "Yaroslavl"]
[Date "2019.07.03"]
[Round "6.24"]
[White "Vlasenko, Miroslav"]
[Black "Mirzaev, Aziz"]
[Result "1/2-1/2"]
[WhiteElo "2417"]
[BlackElo "2433"]
[Annotator "TA"]
[PlyCount "113"]
[EventDate "2019.06.27"]
[EventType "swiss"]
[EventCountry "RUS"]
[SourceTitle "playchess.com"]
[Source "ChessBase"]
[SourceQuality "1"]

{[%evp 9,113,0,6,6,8,6,14,0,14,-6,24,29,12,23,20,10,17,24,53,39,55,14,37,31,29,29,31,27,84,49,63,59,72,93,91,67,189,95,143,14,113,13,15,17,21,-83,-89,-66,-74,-303,-299,-283,-278,-307,-227,-285,-202,-243,-176,-158,-146,-212,-166,-188,-139,-114,0,0,0,0,0,0,0,0,0,0,0,0,0,0,0,0,0,0,0,0,8,8,8,8,8,8,8,8,8,8,8,8,8,8,8,8,8,8,8,8]} 1. d4 Nf6 2. Bg5 d5 3. Nd2 c5 4. e3 Nc6 5. c3 (5. Ngf3 cxd4 6. exd4 Bg4 7. c3 e6 8. Qb3 Qb6 9. Bf4 Nd7 10. Bd3 Be7 11. O-O Bh5 {0-1 (52) Artemiev,V (2709)-Giri,A (2783) St Petersburg 2018}) 5... Qb6 6. Qb3 {D00: 1 d4 d5: Unusual lines} Bf5 7. dxc5 Qxc5 8. Ngf3 e5 9. Bb5 $146 ({Weaker is} 9. Qxb7 Rb8 $17) ({Predecessor:} 9. Bxf6 gxf6 10. Be2 O-O-O 11. O-O Rg8 {½-½ (29) Djordjevic,V (2408)-Oglaza,O (2312) Paracin 2019}) 9... Nd7 10. e4 Be6 11. exd5 Bxd5 12. c4 Be6 13. O-O $36 {[%mdl 2048] White is pushing.} Qb6 14. Be3 Bc5 15. Ng5 (15. Ne4 {seems wilder.} Bxe3 16. fxe3 Nc5 17. Nxc5 Qxc5 18. Ng5) 15... Bxe3 16. Qxe3 Qxe3 17. fxe3 Ke7 18. Nxe6 Kxe6 (18... fxe6 $11 19. Rad1 Rhd8) 19. c5 {Threatens to win with Bc4+.} Nf6 20. b4 {[%cal Bb2b4,Bb4b5][%mdl 32]} a5 21. Bc4+ Ke7 22. b5 Nb4 (22... Nd8 $14) 23. Rac1 (23. Rf5 $18) 23... Rhd8 {[#]} 24. Nf3 ({White must play} 24. Ne4 $1 $16 {[%mdl 512]}) 24... Ng4 {[#]} (24... Rac8 $1 $11 {keeps the balance.}) 25. Rc3 (25. Nd4 $1 $16 Nh6 26. g4) 25... Rac8 $1 $11 {[%cal Rc8c5]} 26. Ng5 Rxc5 27. Rxf7+ (27. Ne4 $1 $11 Rxc4 28. Rxc4) 27... Ke8 $17 28. Rf1 Nd5 29. Bxd5 $2 (29. Rcc1 $17 Rxc4 30. Rxc4 Ndxe3 31. Rxg4 Nxg4 32. Nxh7) 29... Rxc3 $19 30. Bxb7 {intending Bc6+.} Nxe3 31. Re1 Nc4 32. Ne6 Rd6 33. Nxg7+ Kd7 34. Bc6+ Kd8 35. Rf1 (35. a4 $17) 35... Rg6 36. Nf5 Rc2 37. a4 Kc7 (37... Rf6 $17 38. Be4 Rc3 39. Rd1+ Kc7) 38. Be4 $1 $11 {[%cal Re4c2] The position is equal.} Rc3 39. Ne7 Rd6 40. Nd5+ Rxd5 $1 {[%mdl 64] Decoy} 41. Bxd5 {[%mdl 4096] Endgame KRB-KRN} Ne3 42. Rf7+ {[%mdl 64] Double Attack} Kd6 $1 43. Bf3 {b6 is the strong threat.} e4 $1 {[%cal Re4f3]} 44. Bxe4 {And now Bf3 would win.} Rc1+ 45. Kf2 Rf1+ 46. Kxe3 Rxf7 {KR-KB} 47. b6 h6 48. g4 Rf1 49. h4 {Black must now prevent b7.} Ra1 50. b7 Kc7 51. g5 hxg5 52. hxg5 {Strongly threatening g6.} Rxa4 53. g6 {White wants to mate with g7.} Ra1 54. Bg2 Re1+ 55. Kf4 Re6 56. Kf5 Rxg6 57. Kxg6 {Accuracy: White = 50%, Black = 52%.} 1/2-1/2

[Event "72nd RUS-ch Higher League 2019"]
[Site "Yaroslavl"]
[Date "2019.07.03"]
[Round "6.25"]
[White "Kardashevskiy, Evgeny"]
[Black "Eraschenkov, Denis"]
[Result "1-0"]
[WhiteElo "2429"]
[BlackElo "2379"]
[Annotator "NA"]
[PlyCount "41"]
[EventDate "2019.06.27"]
[EventType "swiss"]
[EventCountry "RUS"]
[SourceTitle "playchess.com"]
[Source "ChessBase"]
[SourceQuality "1"]
[TimeControl "40/5400+30:1800+30"]

1. d4 {[%emt 0:00:00]} g6 {[%emt 0:00:00]} 2. Nf3 {[%emt 0:00:05]} Bg7 {[%emt 0:00:00]} 3. c4 {[%emt 0:00:14]} d6 {[%emt 0:00:07]} 4. Nc3 {[%emt 0:00:34]} e5 {[%emt 0:00:15]} 5. g3 {[%emt 0:00:41]} Nd7 {[%emt 0:00:23]} 6. Bg2 {[%emt 0:01:47]} Ne7 {[%emt 0:00:56]} 7. O-O {[%emt 0:01:12]} O-O {[%emt 0:00:39]} 8. e4 {[%emt 0:06:57]} exd4 {[%emt 0:03:11]} 9. Nxd4 {[%emt 0:01:32]} Nc6 {[%emt 0:00:41]} 10. Nxc6 {[%emt 0:11:18]} bxc6 {[%emt 0:00:08]} 11. Qc2 {[%emt 0:01:13]} Ne5 {[%emt 0:40:01]} 12. b3 {[%emt 0:15:13]} f5 {[%emt 0:09:01]} 13. f4 {[%emt 0:13:56]} Ng4 {[%emt 0:00:10]} 14. h3 {[%emt 0:02:47]} Qf6 {[%emt 0:16:28]} 15. e5 {[%emt 0:02:24]} dxe5 {[%emt 0:01:22]} 16. hxg4 {[%emt 0:00:48]} exf4 {[%emt 0:00:13]} 17. Bxf4 {[%emt 0:00:35]} Qxc3 {[%emt 0:03:45]} 18. Qxc3 {[%emt 0:00:24]} Bxc3 {[%emt 0:00:07]} 19. Rad1 {[%emt 0:00:18]} Ba5 {[%emt 0:13:45]} 20. Bxc6 {[%emt 0:03:52]} Rb8 {[%emt 0:00:07]} 21. Bh6 {[%emt 0:03:15]} 1-0

[Event "72nd RUS-ch Higher League 2019"]
[Site "Yaroslavl"]
[Date "2019.07.03"]
[Round "6.26"]
[White "Nozdrachev, Vladislav"]
[Black "Rychkov, Oleg"]
[Result "1-0"]
[WhiteElo "2481"]
[BlackElo "2409"]
[Annotator "ChessBase"]
[PlyCount "69"]
[EventDate "2019.06.27"]
[EventType "swiss"]
[EventCountry "RUS"]
[SourceTitle "playchess.com"]
[Source "ChessBase"]
[SourceQuality "1"]
[TimeControl "40/5400+30:1800+30"]

1. e4 {[%emt 0:00:00]} c5 {[%emt 0:00:00]} 2. Nf3 {[%emt 0:00:30]} Nc6 {[%emt 0:00:01]} 3. Bb5 {[%emt 0:00:05]} g6 {[%emt 0:00:15]} 4. Bxc6 {[%emt 0:00:14]} dxc6 {[%emt 0:00:13]} 5. d3 {[%emt 0:00:05]} Bg7 {[%emt 0:00:24]} 6. h3 {[%emt 0:00:05]} Nf6 {[%emt 0:00:25]} 7. O-O {[%emt 0:01:59]} Nd7 {[%emt 0:00:17]} 8. a4 {[%emt 0:02:33]} e5 {[%emt 0:02:13]} 9. a5 {[%emt 0:01:47]} Nf8 {[%emt 0:01:16]} 10. Nbd2 {[%emt 0:01:09]} Ne6 {[%emt 0:01:19]} 11. Nc4 {[%emt 0:00:05]} Qc7 {[%emt 0:00:30]} 12. Be3 {[%emt 0:07:35]} O-O {[%emt 0:08:35]} 13. c3 {[%emt 0:01:38]} h6 {[%emt 0:02:03]} 14. Qc1 {[%emt 0:09:35]} Kh7 {[%emt 0:01:43]} 15. b3 {[%emt 0:01:22]} f5 {[%emt 0:08:32]} 16. exf5 {[%emt 0:02:30]} Rxf5 {[%emt 0:00:45]} 17. Re1 {[%emt 0:01:32]} Nf4 {[%emt 0:09:56]} 18. Bxf4 {[%emt 0:13:52]} exf4 {[%emt 0:00:07]} 19. Ra2 {[%emt 0:00:05]} Rd5 {[%emt 0:03:30]} 20. Rae2 {[%emt 0:04:12]} Bf5 {[%emt 0:02:05]} 21. d4 {[%emt 0:01:03]} cxd4 {[%emt 0:06:35]} 22. Nxd4 {[%emt 0:03:49]} Rf8 {[%emt 0:00:14]} 23. Re7 {[%emt 0:01:36]} Rd7 {[%emt 0:00:28]} 24. Ne6 {[%emt 0:00:21]} Bxe6 {[%emt 0:00:33]} 25. R7xe6 {[%emt 0:00:05]} Rf5 {[%emt 0:06:46]} 26. Qc2 {[%emt 0:01:46]} h5 {[%emt 0:00:40]} 27. b4 {[%emt 0:05:50]} f3 {[%emt 0:04:51]} 28. Rxg6 {[%emt 0:06:35]} Kxg6 {[%emt 0:00:08]} 29. Re6+ {[%emt 0:00:19]} Kg5 {[%emt 0:06:10]} 30. h4+ {[%emt 0:00:50]} Kxh4 {[%emt 0:00:16]} 31. Ne3 {[%emt 0:00:07]} Rf6 {[%emt 0:02:11]} 32. Rxf6 {[%emt 0:01:14]} Bxf6 {[%emt 0:00:11]} 33. Qg6 {[%emt 0:00:39]} Rd1+ {[%emt 0:14:07]} 34. Nxd1 {[%emt 0:00:19]} Bg5 {[%emt 0:00:03]} 35. g3+ {[%emt 0:00:18]} 1-0

[Event "72nd RUS-ch Higher League 2019"]
[Site "Yaroslavl"]
[Date "2019.07.03"]
[Round "6.27"]
[White "Bykov, Oleg"]
[Black "Drygalov, Sergey"]
[Result "1/2-1/2"]
[WhiteElo "2401"]
[BlackElo "2492"]
[Annotator "ChessBase"]
[PlyCount "81"]
[EventDate "2019.06.27"]
[EventType "swiss"]
[EventCountry "RUS"]
[SourceTitle "playchess.com"]
[Source "ChessBase"]
[SourceQuality "1"]
[TimeControl "40/5400+30:1800+30"]

1. d4 {[%emt 0:00:00]} Nf6 {[%emt 0:00:00]} 2. c4 {[%emt 0:00:00]} e6 {[%emt 0:00:00]} 3. Nc3 {[%emt 0:00:00]} Bb4 {[%emt 0:00:00]} 4. Qc2 {[%emt 0:00:00]} d5 {[%emt 0:00:00]} 5. cxd5 {[%emt 0:01:06]} exd5 {[%emt 0:00:00]} 6. Bg5 {[%emt 0:00:07]} h6 {[%emt 0:00:00]} 7. Bh4 {[%emt 0:00:07]} g5 {[%emt 0:00:00]} 8. Bg3 {[%emt 0:00:05]} Nc6 {[%emt 0:00:00]} 9. e3 {[%emt 0:00:46]} h5 {[%emt 0:00:01]} 10. Bb5 {[%emt 0:03:33]} h4 {[%emt 0:02:03]} 11. Be5 {[%emt 0:05:25]} Rh6 {[%emt 0:00:28]} 12. h3 {[%emt 0:13:31]} Bd7 {[%emt 0:00:24]} 13. Bh2 {[%emt 0:03:03]} Qe7 {[%emt 0:11:19]} 14. Nf3 {[%emt 0:10:49]} Ne4 {[%emt 0:02:23]} 15. a3 {[%emt 0:12:06]} Bxc3+ {[%emt 0:03:29]} 16. bxc3 {[%emt 0:00:05]} O-O-O {[%emt 0:00:33]} 17. c4 {[%emt 0:05:10]} g4 {[%emt 0:27:42]} 18. hxg4 {[%emt 0:04:43]} Bxg4 {[%emt 0:19:14]} 19. Bxc6 {[%emt 0:09:38]} h3 {[%emt 0:00:41]} 20. Ne5 {[%emt 0:12:16]} hxg2 {[%emt 0:01:58]} 21. Rg1 {[%emt 0:00:17]} Rxh2 {[%emt 0:08:58]} 22. Bxd5 {[%emt 0:14:23]} Nf6 {[%emt 0:12:54]} 23. Bxb7+ {[%emt 0:03:19]} Kxb7 {[%emt 0:00:38]} 24. Rb1+ {[%emt 0:00:54]} Kc8 {[%emt 0:04:35]} 25. Qa4 {[%emt 0:00:20]} Qxe5 {[%emt 0:03:36]} 26. dxe5 {[%emt 0:00:01]} Ne4 {[%emt 0:00:54]} 27. f3 {[%emt 0:00:46]} Bxf3 {[%emt 0:00:56]} 28. e6 {[%emt 0:00:04]} fxe6 {[%emt 0:00:28]} 29. Qc6 {[%emt 0:00:03]} Rh1 {[%emt 0:00:41]} 30. Qxe6+ {[%emt 0:00:06]} Rd7 {[%emt 0:00:04]} 31. Qe8+ {[%emt 0:02:00]} Rd8 {[%emt 0:00:03]} 32. Qe6+ {[%emt 0:00:02]} Rd7 {[%emt 0:00:03]} 33. Qe8+ {[%emt 0:00:41]} Rd8 {[%emt 0:00:01]} 34. Qe6+ {[%emt 0:00:18]} Rd7 {[%emt 0:00:05]} 35. Qe8+ {[%emt 0:00:02]} Rd8 {[%emt 0:00:04]} 36. Qe6+ {[%emt 0:00:04]} Rd7 {[%emt 0:00:03]} 37. Qe8+ {[%emt 0:00:03]} Rd8 {[%emt 0:00:02]} 38. Qe6+ {[%emt 0:00:03]} Rd7 {[%emt 0:00:03]} 39. Qe8+ {[%emt 0:00:04]} Rd8 {[%emt 0:00:02]} 40. Qe6+ {[%emt 0:00:00]} Rd7 {[%emt 0:00:00]} 41. Qe8+ {[%emt 0:00:46]} 1/2-1/2

[Event "72nd RUS-ch Higher League 2019"]
[Site "Yaroslavl"]
[Date "2019.07.03"]
[Round "6.28"]
[White "Bimiev, Ahmad"]
[Black "Kanter, Eduard"]
[Result "1/2-1/2"]
[WhiteElo "2238"]
[BlackElo "2392"]
[Annotator "TA"]
[PlyCount "141"]
[EventDate "2019.06.27"]
[EventType "swiss"]
[EventCountry "RUS"]
[SourceTitle "playchess.com"]
[Source "ChessBase"]
[SourceQuality "1"]

{[%evp 9,141,19,17,12,22,8,9,15,23,17,20,7,18,-25,-25,-23,0,-1,11,-18,-11,-12,7,-23,-18,-40,-39,-36,-16,-14,81,0,0,-9,-4,-4,0,0,0,0,0,0,-3,-1,0,0,0,0,0,0,-4,-25,-20,-18,-28,-85,-85,-85,-85,-87,-85,-187,-183,-179,-42,-42,-38,-38,-38,-38,-38,-38,-38,-38,-38,-38,-38,-38,-38,-38,-26,-26,-26,-26,-26,-26,-26,-26,-26,-26,-26,-26,-26,-26,-26,-26,-26,-26,-26,-26,-26,-75,-69,-79,-79,-79,-26,-26,-26,-26,-26,-26,-26,-26,-26,-26,0,-26,0,-26,-26,-33,0,0,0,0,0,0,0,0,0,0,8,8]} 1. c4 e6 2. Nf3 d5 3. e3 Nf6 4. b3 g6 (4... Be7 5. Bb2 dxc4 6. bxc4 c5 7. d4 O-O 8. Bd3 b6 9. O-O Bb7 10. Nc3 cxd4 11. exd4 Nc6 12. Qe2 Nb4 13. Bb1 Bxf3 14. gxf3 Rc8 15. Rd1 Re8 16. Kh1 Bf8 17. a3 Nc6 18. Ne4 Nxe4 19. fxe4 g6 20. d5 exd5 21. cxd5 {1-0 (45) Svidler,P (2737)-Duda,J (2738) St Petersburg 2018}) 5. Bb2 Bg7 6. Be2 {A13: English Opening: 1...e6} O-O 7. O-O c5 8. d4 cxd4 9. Nxd4 dxc4 $146 ({Predecessor:} 9... Nc6 10. cxd5 exd5 11. Nd2 Be6 12. N2f3 Ne4 13. Rc1 Rc8 14. Bb5 Nxd4 15. Nxd4 {½-½ (31) Hlavnicka,J (2256)-Paldus,P Klatovy 2003}) 10. Bxc4 a6 11. Nc3 b5 12. Be2 e5 13. Nc2 Nc6 14. Ba3 (14. Bf3 {is interesting.} Bd7 15. Rc1 Rc8 16. Nd5 Nxd5 17. Bxd5 Qe7 18. e4) 14... Re8 15. Qxd8 Nxd8 16. Nb4 Bb7 $1 {...a5 is the strong threat.} 17. Nd3 Rc8 18. Rac1 Nd7 19. Rfd1 e4 {[#]} (19... Ne6 $11 {keeps the balance.}) 20. Nf4 (20. Nxe4 $1 $16 {[%mdl 512]} Rxc1 (20... Bxe4 21. Rxc8) 21. Nxc1 Bxe4 22. Rxd7) 20... Nb6 $11 21. Ncd5 Rxc1 22. Bxc1 Nxd5 23. Nxd5 {Threatens to win with Nc7.} Ne6 24. Ba3 Be5 25. f4 exf3 $1 26. gxf3 Rd8 27. f4 {Strongly threatening Ne7+.} Rxd5 28. Rxd5 Bxd5 29. fxe5 {[%mdl 4096] Endgame KBB-KBN} Ng5 30. Bb4 Nf3+ 31. Bxf3 $1 Bxf3 {KB-KB} 32. a4 (32. Kf2 $11 Be4 33. Be7) 32... Bd5 $17 33. axb5 axb5 34. h4 Bxb3 35. Kf2 (35. Bc3 $17) 35... Kg7 $19 36. Be7 {[#]} h6 (36... Kh6 $1 $19 37. Kg3 Kh5) 37. Kg3 $15 {[#]} g5 $1 {[%mdl 512]} 38. hxg5 h5 39. e4 Kg6 40. Kf4 Bd1 41. Kg3 Bg4 42. Kf4 Bd7 43. Kg3 Bc8 44. Bb4 Kxg5 {White must now prevent ...h4+.} 45. Be7+ Kg6 46. Kf4 Bg4 47. Kg3 Be2 48. Kf4 Bf1 49. Kg3 Kh6 50. Kf4 Bg2 51. Bf8+ Kg6 52. Be7 Bh1 53. Ke3 Kg7 54. Kf4 Kh6 55. Bf8+ Kg6 56. Be7 Bg2 57. Ke3 {[#]} Bh3 (57... b4 $1 $17 {[%cal Rb4b3][%mdl 512] Hoping for ...b3.} 58. Bxb4 h4) 58. Kf4 $11 Be6 59. Kg3 Bd7 60. Kf4 Bc6 61. Kf3 Be8 62. Kf4 Bc6 63. Kf3 Bd7 64. Kf4 Be8 65. Kf3 f5 66. exf6 {The position is equal.} Kf7 67. Kf4 Ke6 68. e5 Bg6 69. Bd6 Bf7 70. Kg5 b4 71. Bxb4 {Accuracy: White = 71%, Black = 61%.} 1/2-1/2